000 00610nam a2200205Ia 4500
008 241004s9999 xx 000 0 und d
020 _a9780755638994
037 _aTextbook
040 _aARTS
_beng
_cARTS
041 _aeng
_2eng
084 _aU42 R2
_qARTS
100 _aCamminga B. Au.; Marnell John Au.
_9724624
245 _aQueer and trans African mobilities: migration, asylum and diaspora
_cCamminga B. Au.; Marnell John Au.
260 _aUK
_b Zed
_c2022
300 _ax,247p.
365 _aUKP
_b21.99
650 _aGeography
942 _cTB
_hU42 R2
999 _c1218770
_d1218770